|
|
|
|
| LEADER |
01167nam a2200253 a 4500 |
| 001 |
18489 |
| 003 |
BD-DhAAL |
| 005 |
20250324100859.0 |
| 008 |
090721s2008 bg f000 0 eng d |
| 010 |
|
|
|a 75901783
|
| 040 |
|
|
|a DLC
|c DLC
|d OCoLC
|d NST
|d MH
|d OCoLC
|
| 082 |
|
|
|a 338.95492
|2 22
|
| 110 |
1 |
|
|a Bangladesh Planning Commission.
|9 24442
|
| 245 |
1 |
0 |
|a Annual development programme FY 2008-2009
|
| 260 |
|
|
|a Dhaka :
|b Planning Commission, Govt. of the People's Republic of Bangladesh.
|
| 300 |
|
|
|a iv, 620 pages :
|b illistrations ;
|c 27 cm.
|
| 526 |
|
|
|a AAL
|x Salim khan
Sr. program Associate
James P. Grant School.
Course name and no. N/A
|
| 541 |
1 |
|
|a A H Development publishing house
|e 18489
|
| 590 |
|
|
|a SERBIB/SERLOC merged record
|
| 651 |
|
0 |
|a Bangladesh
|x Economic policy.
|9 24443
|
| 852 |
4 |
|
|a School of Public Health.
|
| 942 |
|
|
|2 ddc
|c BK
|
| 999 |
|
|
|c 2637
|d 2637
|
| 952 |
|
|
|0 0
|1 4
|2 ddc
|4 0
|6 338_954920000000000_ANN
|7 0
|9 2402
|a BRACUL
|b BRACUL
|c GEN
|d 2009-04-29
|e A. H. Development Publishing House.
|g 400.00
|l 0
|o 338.95492 ANN
|p 3060018489
|r 2009-07-21
|t 1
|w 2009-07-21
|y BK
|x Requisitioned by Salim khan, Sr. program Associate, James P. Grant School. Course name and no. N/A
|